The valuation of environmental externalities : full report. (Record no. 90780)

MARC details
000 -LEADER
fixed length control field 01164cam a2200337 4500
008 - FIXED-LENGTH DATA ELEMENTS--GENERAL INFORMATION
fixed length control field 090401t1996 xxu||||| |||| 00| 0 eng d
020 ## - INTERNATIONAL STANDARD BOOK NUMBER
International Standard Book Number 0115518274
035 ## - SYSTEM CONTROL NUMBER
System control number (Sirsi) u39474
041 ## - LANGUAGE CODE
Language code of text/sound track or separate title eng
050 ## - LIBRARY OF CONGRESS CALL NUMBER
Classification number 333.73
100 ## - MAIN ENTRY--PERSONAL NAME
Personal name Tinch, Robert
245 #4 - TITLE STATEMENT
Title The valuation of environmental externalities : full report.
260 ## - PUBLICATION, DISTRIBUTION, ETC.
Place of publication, distribution, etc. London
Name of publisher, distributor, etc. HMSO
Date of publication, distribution, etc. 1996
300 ## - PHYSICAL DESCRIPTION
Extent 114p. ; 30cm.
350 ## - PRICE (NR) (BK AM CF MU VM SE) [OBSOLETE]
Price 15
520 ## - SUMMARY, ETC.
Summary, etc. Provides an introduction for the economist to the main techniques and issues in environmental valuation, summarises the current state of development in the valuation of the environmental effects of transport and provides an indication of ranges of values arising from the literature.
650 ## - SUBJECT ADDED ENTRY--TOPICAL TERM
Topical term or geographic name entry element AIR POLLUTION
650 ## - SUBJECT ADDED ENTRY--TOPICAL TERM
Topical term or geographic name entry element CONTINGENT VALUATION METHOD
650 ## - SUBJECT ADDED ENTRY--TOPICAL TERM
Topical term or geographic name entry element COSTS
650 ## - SUBJECT ADDED ENTRY--TOPICAL TERM
Topical term or geographic name entry element ENVIRONMENTAL EXTERNALITIES
650 ## - SUBJECT ADDED ENTRY--TOPICAL TERM
Topical term or geographic name entry element ENVIRONMENTAL VALUATION
650 ## - SUBJECT ADDED ENTRY--TOPICAL TERM
Topical term or geographic name entry element GLOBAL WARMING
650 ## - SUBJECT ADDED ENTRY--TOPICAL TERM
Topical term or geographic name entry element HEDONIC PRICING
650 ## - SUBJECT ADDED ENTRY--TOPICAL TERM
Topical term or geographic name entry element NOISE
650 ## - SUBJECT ADDED ENTRY--TOPICAL TERM
Topical term or geographic name entry element TRANSPORT
650 ## - SUBJECT ADDED ENTRY--TOPICAL TERM
Topical term or geographic name entry element Valuation
9 (RLIN) 6273
690 ## - LOCAL SUBJECT ADDED ENTRY--TOPICAL TERM (OCLC, RLIN)
Topical term or geographic name as entry element ENVIRONMENTAL AND LAND CONSULTANCY
710 ## - ADDED ENTRY--CORPORATE NAME
Corporate name or jurisdiction name as entry element Department of Transport
9 (RLIN) 1172
942 ## - ADDED ENTRY ELEMENTS (KOHA)
Suppress in OPAC 0
948 ## - LOCAL PROCESSING INFORMATION (OCLC); SERIES PART DESIGNATOR (RLIN)
c (OCLC) 04/03/1997
Holdings
Withdrawn status Lost status Source of classification or shelving scheme Damaged status Not for loan Home library Current library Shelving location Date acquired Cost, normal purchase price Total Checkouts Full call number Barcode Date last seen Date last checked out Copy number Cost, replacement price Price effective from Koha item type
    Dewey Decimal Classification     London London Folio 13/05/1996 15.00 8 F333.73 30047755 06/08/2019 11/06/2003 1 15.00 06/08/2019 Book